Normal view
MARC view
Entry Personal Name
001 - CONTROL NUMBER
- control field: 52162
003 - CONTROL NUMBER IDENTIFIER
- control field: dpl
005 - DATE AND TIME OF LATEST TRANSACTION
- control field: 20120910150630.0
008 - FIXED-LENGTH DATA ELEMENTS
- fixed length control field: 120910|||a|||||| | ||| d
040 ## - CATALOGING SOURCE
- Original cataloging agency: dpl
- Transcribing agency: dpl
100 ## - HEADING--PERSONAL NAME
- Personal name: Hasan, Mushirul
670 ## - SOURCE DATA FOUND
- Source citation: Work cat.: (dpl)69723: Hasan, Mushirul, Wit and Humour:, 2009
670 ## - SOURCE DATA FOUND
- Source citation: Work cat.: (dpl)69723: Hasan, Mushirul, Wit and Humour:, 2009
